| 000 | 00564nam a2200205Ia 4500 | ||
|---|---|---|---|
| 003 | 0100 | ||
| 008 | 130303s9999 xx 000 0 und d | ||
| 020 | _a0773497994 | ||
| 040 | _cARRUPELIB | ||
| 050 | _aLC191.8.C5X8 1992 | ||
| 100 | _aDi, Xu | ||
| 245 | 2 | _aA comparison of the educational ideas and practices of John Dewey and Mao Zedong in China | |
| 245 | _bis school society or society school? | ||
| 260 | _aSan Francisco | ||
| 260 | _bMellen Research university Press | ||
| 260 | _C1992 | ||
| 300 | _a144p. | ||
| 300 | _b 23cm | ||
| 942 |
_2lcc _03 |
||
| 999 |
_c64112 _d64112 |
||